| 000 | 00348nam a2200133Ia 4500 | ||
|---|---|---|---|
| 005 | 20260328101511.0 | ||
| 008 | 260328s9999||||xx |||||||||||||| ||und|| | ||
| 100 | _aVon Eckardt, Wolf | ||
| 245 | 0 |
_aLa crisis de las Ciudades : _b Un lugar para vivir / _cWolf Von Eckardt |
|
| 260 | _bMarymar | ||
| 300 | _a496 p. | ||
| 650 | _aURBANISMO | ||
| 942 | _cBK | ||
| 999 |
_c9198 _d9198 |
||